<?xml version="1.0" encoding="UTF-8"?><?xml-stylesheet type="text/xsl" href="static/style.xsl"?><OAI-PMH xmlns="http://www.openarchives.org/OAI/2.0/" xmlns:xsi="http://www.w3.org/2001/XMLSchema-instance" xsi:schemaLocation="http://www.openarchives.org/OAI/2.0/ http://www.openarchives.org/OAI/2.0/OAI-PMH.xsd"><responseDate>2026-04-13T01:11:45Z</responseDate><request verb="GetRecord" identifier="oai:www.recercat.cat:20.500.12327/3236" metadataPrefix="marc">https://recercat.cat/oai/request</request><GetRecord><record><header><identifier>oai:recercat.cat:20.500.12327/3236</identifier><datestamp>2025-10-22T11:12:12Z</datestamp><setSpec>com_2072_4428</setSpec><setSpec>com_2072_4427</setSpec><setSpec>col_2072_487898</setSpec></header><metadata><record xmlns="http://www.loc.gov/MARC21/slim" xmlns:dcterms="http://purl.org/dc/terms/" xmlns:xsi="http://www.w3.org/2001/XMLSchema-instance" xmlns:doc="http://www.lyncode.com/xoai" xsi:schemaLocation="http://www.loc.gov/MARC21/slim http://www.loc.gov/standards/marcxml/schema/MARC21slim.xsd">
   <leader>00925njm 22002777a 4500</leader>
   <datafield ind2=" " ind1=" " tag="042">
      <subfield code="a">dc</subfield>
   </datafield>
   <datafield ind2=" " ind1=" " tag="720">
      <subfield code="a">Nazco, Ruyman</subfield>
      <subfield code="e">author</subfield>
   </datafield>
   <datafield ind2=" " ind1=" " tag="720">
      <subfield code="a">Peña, Roberto Javier</subfield>
      <subfield code="e">author</subfield>
   </datafield>
   <datafield ind2=" " ind1=" " tag="720">
      <subfield code="a">Ammar, Karim</subfield>
      <subfield code="e">author</subfield>
   </datafield>
   <datafield ind2=" " ind1=" " tag="720">
      <subfield code="a">Villegas, Dolors</subfield>
      <subfield code="e">author</subfield>
   </datafield>
   <datafield ind2=" " ind1=" " tag="720">
      <subfield code="a">Crossa, Jose</subfield>
      <subfield code="e">author</subfield>
   </datafield>
   <datafield ind2=" " ind1=" " tag="720">
      <subfield code="a">Royo, Conxita</subfield>
      <subfield code="e">author</subfield>
   </datafield>
   <datafield ind2=" " ind1=" " tag="260">
      <subfield code="c">2014-03-22</subfield>
   </datafield>
   <datafield ind2=" " ind1=" " tag="520">
      <subfield code="a">With the aim of identifying durum wheat landraces (LR) with a potential use in breeding programs for gluten strength enhancement, the allelic combinations present at five glutenin loci were determined in a collection of 155 LR from 21 Mediterranean countries. A set of 18 modern cultivars (MC) was used for comparison. Gluten strength was determined by SDS-sedimentation test on grain samples from field experiments conducted during 3 years. A total number of 131 different allelic/banding pattern combinations were found. Taking together high (HMW-) and low (LMW-) molecular weight glutenin&#xd;
subunit loci resulted in 126 combinations in LR, but only nine in MC, which are characterized for having&#xd;
strong gluten. Two LMW-2 type models were identified in the collection and LMW-1 types were absent.&#xd;
LMW-2 was present in 78 % of MC, including the only three with outstanding gluten strength (Ocotillo,&#xd;
Claudio and Meridiano), while 14 % of the LR had LMW-2 and 6 % LMW-2-. In the LR a known&#xd;
combination LMW-2 (aaa) and three new ones had a positive effect on the gluten strength. LMW-2 models were found in high frequency in LR from Italy and the three Maghreb countries; from medium to low frequencies in genotypes from Turkey, Jordan, Lebanon, Portugal and Spain, and were absent in the&#xd;
remaining countries. The large variability found in LR proved their potential value in breeding to broaden the genetic basis of gluten quality improvement. Genotypes interesting for breeding purposes are identified.</subfield>
   </datafield>
   <datafield ind1="8" ind2=" " tag="024">
      <subfield code="a">Nazco, Ruyman, Roberto Javier Peña, Karim Ammar, Dolors Villegas, José Crossa, and Conxita Royo. 2014. "Durum Wheat (Triticum Durum Desf.) Mediterranean Landraces As Sources Of Variability For Allelic Combinations At Glu-1/Glu-3 Loci Affecting Gluten Strength And Pasta Cooking Quality". Genetic Resources And Crop Evolution 61 (6): 1219-1236. doi:10.1007/s10722-014-0104-7.</subfield>
   </datafield>
   <datafield ind1="8" ind2=" " tag="024">
      <subfield code="a">0925-9864</subfield>
   </datafield>
   <datafield ind1="8" ind2=" " tag="024">
      <subfield code="a">http://hdl.handle.net/20.500.12327/3236</subfield>
   </datafield>
   <datafield ind1="8" ind2=" " tag="024">
      <subfield code="a">https://doi.org/10.1007/s10722-014-0104-7</subfield>
   </datafield>
   <datafield ind2="0" ind1="0" tag="245">
      <subfield code="a">Durum wheat (Triticum durum Desf.) Mediterranean landraces as sources of variability for allelic combinations at Glu-1/Glu-3 loci affecting gluten strength and pasta cooking quality</subfield>
   </datafield>
</record></metadata></record></GetRecord></OAI-PMH>